Sports Quiz

Random Sports or Football Quiz
Score 0/32 Timer 08:00
62 Plays Today
% Correct
Buffalo Bills
98.8%
Pittsburgh Steelers
98.8%
Carolina Panthers
98.6%
Los Angeles Rams
95.1%
Minnesota Vikings
94.7%
New England Patriots
94.2%
Denver Broncos
94.1%
Jacksonville Jaguars
93.9%
Miami Dolphins
93.2%
Dallas Cowboys
92.8%
Arizona Cardinals
92.6%
Cincinnati Bengals
91.3%
Green Bay Packers
91%
Indianapolis Colts
90.5%
Baltimore Ravens
90.5%
New York Giants
90.4%
% Correct
Cleveland Browns
90.3%
Kansas City Chiefs
90.2%
Seattle Seahawks
90%
New Orleans Saints
89.9%
Philadelphia Eagles
89.8%
Detroit Lions
89.8%
Las Vegas Raiders
89.2%
Chicago Bears
89.2%
Washington Redskins
89.1%
San Francisco 49ers
89%
New York Jets
88.7%
Tennessee Titans
88.2%
Los Angeles Chargers
88%
Houston Texans
88%
Atlanta Falcons
86%
Tampa Bay Buccaneers
85.5%

You're not logged in!

Compare scores with friends on all Sporcle quizzes.
OR
Log In

Sporcle TV

Today on Sporcle TV


Watch our educational content, quiz creation guides, and fun videos on Sporcle TV.

Show Comments

Extras

Top Quizzes Today


Score Distribution

Paid Content

Your Account Isn't Verified!

In order to create a playlist on Sporcle, you need to verify the email address you used during registration. Go to your Sporcle Settings to finish the process.

Report this User

Report this user for behavior that violates our Community Guidelines.

Details: